000 00853cam7a220020500 4500
001 tmp15385135
003 UPRA
005 20190823092744.0
008 950801s1917 gw eng u
035 _a(Sirsi) r55710
035 _a(UPRA)tmp15385135
040 _cUPRA
100 1 _aBesser, Hans.
_6A14437.1
245 1 0 _aNatur-und Jagdstudien in Deutsch-Ostafrika :
_bmit zahlreichen Abbildungen /
_cnach Zeichnungen von E. Bungartz, einem Kartchen und einem farbigen Umschlagbild, gezeichnet von R. Friase.
260 _aStuttgart :
_bKosmos, Gesellschaft der Naturfreunde, Geschafstelle: Franckh'sche Verlagschandlung,
_c1917.
650 0 _aZoology -- Tropics.
_zZoology -- Tropics.
_6S10372.1
650 0 _aHunting -- Tanzania.
_zHunting -- Tanzania.
_6S10373.1
949 _aQL337
_wlcc
_i33729001784037
_mMAIN
_p2500
_tBOOK
_lON-SHELF
004 55710
999 _c145350
_d145350